Представление документа в формате MARC21

Поле Инд. ПП Название Значение
Тип записи m
Библиографический уровень m
001 Контрольный номер RU/LIBMSTU/446647384
005 Дата корректировки 20250221155638.9
008 Кодируемые данные 140219|||||||||ru||||||||||||||||||rus||
040 b Код языка каталог. rus
041 0_ a Код языка текста rus
084 a Индекс другой классификации/Индекс ББК 94+36.964
090 x Авторский знак Ш 34
100 1_ a Автор Швейкина К. С.
245 10 a Заглавие Технологические и микробиологические аспекты производства бланшированных и паштетных консервов из печени трески и ее жира
b Продолж. заглавия автореф. дис. ... канд. техн. наук : 05.18.04
h Физич. носитель Электронный ресурс
256 a Характеристики компьютерного файла Электрон. текстовые дан. (1 файл : 841 Кб)
260 a Место издания Мурманск
c Дата издания 2013
500 a Примечание URL: https://mstu.mauniver.ru/science/diss/d307_09_02/files/shveykina.pdf. - Загл. с экрана. - Имеется печ. аналог 2013 г.
583 x Служебное примечание Полнотекстовые документы
583 1_ x Служебное примечание Труды преподавателей МГТУ
650 04 a Основная рубрика Рыба и рыбные продукты-Консервы-Авторефераты диссертаций
653 0_ a Ключевые слова Авторефераты диссертаций; Консервное производство; Консервы из печени рыб; Консервы рыбные; Консервы-паштеты; Паштетные консервы; Паштеты; Печень трески; Полуфабрикаты рыбные; Производство консервов; Стерилизованные рыбные консервы; Труды преподавателей МГТУ; Электронные версии
856 40 u URL https://mstu.mauniver.ru/science/diss/d307_09_02/files/shveykina.pdf
901 t Тип документа r